书目信息 |
| 题名: |
我从战场归来
|
|
| 作者: | 唐师曾 著 | |
| 分册: | ||
| 出版信息: | 北京 世界知识出版社 1998.07 |
|
| 页数: | 311页 | |
| 开本: | 20cm | |
| 丛书名: | ||
| 单 册: | ||
| 中图分类: | I253 | |
| 科图分类: | ||
| 主题词: | 报告文学--中国 , 传记文学--中国 | |
| 电子资源: | ||
| ISBN: | 7-5012-1020-9 | |
| 000 | 00568nam0 2200205 45 | |
| 001 | 0256262753 | |
| 005 | 2002123015374199 | |
| 010 | @a7-5012-1020-9@dRMB 18.00 | |
| 100 | @a20021230d1998 km y0chiy0120 ea | |
| 101 | 0 | @achi |
| 102 | @aCN@b110000 | |
| 200 | 1 | @a我从战场归来@Awo cong zhan chang gui lai@f唐师曾著@Ftang shi ceng zhu |
| 210 | @a北京@c世界知识出版社@d1998.07 | |
| 215 | @a311页@d20cm | |
| 606 | 0 | @a报告文学@x中国 |
| 606 | 0 | @a传记文学@x中国 |
| 690 | @aI253@v3 | |
| 701 | 0 | @a唐师曾@Atang shi ceng@4著 |
| 801 | 0 | @aCN@bPFT@c20021230 |
| 905 | @dI253@eT250 | |
| 我从战场归来/唐师曾著.-北京:世界知识出版社,1998.07 |
| 311页;20cm |
| ISBN 7-5012-1020-9:RMB 18.00 |
| ● |
| 相关链接 |
|
|
|
正题名:我从战场归来
索取号:I253/T250
 
预约/预借
| 序号 | 登录号 | 条形码 | 馆藏地/架位号 | 状态 | 备注 |
| 1 | 363970 | 203639704 | 文学库108/108文学库 67排4列3层/ [索取号:I253/T250] | 在馆 |